| 000 | 00549nam a22001697a 4500 | ||
|---|---|---|---|
| 003 | OSt | ||
| 005 | 20250104161140.0 | ||
| 008 | 250104b |||||||| |||| 00| 0 eng d | ||
| 020 | _a978032393266 | ||
| 040 |
_aSRHU _bEnglish _cSatish Serial Publication |
||
| 082 | _212th | ||
| 245 |
_a Fanaroff & Martin Neonatal - Perinatal Medicine : Diseases of The Fetus Infant Vol 1 _cMartin ,Richard J & Fanaroff Avroy A. |
||
| 250 | _a12th | ||
| 260 |
_aPhildelphia _bElsevier _c2025 |
||
| 300 |
_a1175p _c28cm |
||
| 942 |
_2ddc _cNEO-NATAL _e12th |
||
| 999 |
_c19292 _d19292 |
||